<?xml version="1.0" encoding="UTF-8"?>
<marc:record xmlns:marc="http://www.loc.gov/MARC21/slim">
   <marc:leader>00000nam a2200000 a 4500</marc:leader>
   <marc:datafield ind1="1" ind2=" " tag="100">
      <marc:subfield code="a">Peinkofer, Michael</marc:subfield>
      <marc:subfield code="4">aut</marc:subfield>
      <marc:subfield code="e">Verfasser/-in</marc:subfield>
   </marc:datafield>
   <marc:datafield ind1=" " ind2=" " tag="653">
      <marc:subfield code="a">Antolin</marc:subfield>
   </marc:datafield>
   <marc:datafield ind1=" " ind2=" " tag="653">
      <marc:subfield code="a">Kinderbande</marc:subfield>
   </marc:datafield>
   <marc:datafield ind1=" " ind2=" " tag="653">
      <marc:subfield code="a">Klasse-3</marc:subfield>
   </marc:datafield>
   <marc:datafield ind1=" " ind2=" " tag="653">
      <marc:subfield code="a">Roboter</marc:subfield>
   </marc:datafield>
   <marc:datafield ind1=" " ind2=" " tag="653">
      <marc:subfield code="a">Weltall</marc:subfield>
   </marc:datafield>
   <marc:datafield ind1=" " ind2=" " tag="653">
      <marc:subfield code="a">Eismonster</marc:subfield>
   </marc:datafield>
   <marc:datafield ind1=" " ind2=" " tag="653">
      <marc:subfield code="a">Graf Atrox</marc:subfield>
   </marc:datafield>
   <marc:datafield ind1="0" ind2="0" tag="245">
      <marc:subfield code="a">Der Planet aus Eis</marc:subfield>
   </marc:datafield>
   <marc:datafield ind1=" " ind2="1" tag="264">
      <marc:subfield code="b">Carlsen</marc:subfield>
      <marc:subfield code="c">2014</marc:subfield>
   </marc:datafield>
   <marc:datafield ind1="1" ind2=" " tag="490">
      <marc:subfield code="a">Sternenritter</marc:subfield>
   </marc:datafield>
   <marc:datafield ind1="1" ind2=" " tag="520">
      <marc:subfield code="a">In Band 3 der neuen Science-Fiction-Serie (Band 1 und 2, in dieser Nr.) erreicht die Sternenritter erneut ein Notruf von einem fremden Planeten. Auf dem Eisplaneten Zafyra ist die Aufregung groß, denn Prinzessin Lana ist von ihrer Expedition ins verbotene Land Brion-Ky nicht zurückgekehrt. Natürlich sind die Sternenritter gemeinsam mit dem tollpatschigen Roboter Botnik-13 sofort zur Stelle, um die Prinzessin zu retten. Doch zunächst müssen sie gegen blaue Monsterkrabben kämpfen, mit bissigen Fellkugeln klarkommen und sich schließlich ihrem Erzfeind Atrox entgegenstellen. Temporeiche Kämpfe, witzige Sprüche und fiese Schurken - das Abenteuer beinhaltet alle Zutaten für ein gelungenes Jungs-Lesefutter und wird durch sein attraktives Action-Cover die Zielgruppe mit Sicherheit ansprechen. Weitere Abenteuer sind in Vorbereitung, Band 4 erscheint voraussichtlich im Frühjahr 2015. Gern empfohlen.</marc:subfield>
   </marc:datafield>
   <marc:datafield ind1=" " ind2=" " tag="020">
      <marc:subfield code="a">9783551652331</marc:subfield>
      <marc:subfield code="9">9783551652331</marc:subfield>
   </marc:datafield>
</marc:record>
